000 00595nam a2200241 a 4500
001 0001-1017
003 ELIB.Books
008 141028 2010 eng
020 _aKBTS
035 _a(ELIB.Books)0001-1171
092 _a227.6
_bRig
100 _aRiggs, Jack
245 _aBelievers in the Last Days
260 _aIllinois
_bRegular Baptist Press
_c1996
300 _a124
_c21.2 Cm
500 _aLibrary
650 _aLetters of Paul
856 _nKBTS; Library
_uKBTS; Elib.
942 _2ddc
_cBK
990 _a1
998 _cbat
_e2014-10-28
999 _c11017
_d11017